| 000 | 00688nam a2200217 i 4500 | ||
|---|---|---|---|
| 001 | 98100 | ||
| 003 | ES-MaACL | ||
| 005 | 20230906182221.0 | ||
| 007 | t| | ||
| 008 | 050722q1945 sp ||||1| spa d | ||
| 100 | 1 |
_aMarquand, John Phillips. _976970 |
|
| 245 | 1 | 3 |
_aEl tiempo vuela / _cJohn Phillips; [versión castellana de F. Santos y P.D. Postlethwaite]. |
| 260 |
_aMadrid : _bLa Nave, _c[1945?] |
||
| 300 |
_a587 p., 1 lám. retr. autor ; _c15 cm. |
||
| 490 | 1 |
_aSerie B ; _v57 |
|
| 700 | 1 |
_aSantos Fontenla, Fernando. _9103502 |
|
| 700 | 1 |
_aPostlethwaite, Phyllis Doreen. _993365 |
|
| 830 | 1 |
_aSerie B ; _v57 _9184453 |
|
| 852 |
_aES-MaACL _jB-10310 |
||
| 999 |
_c98100 _d98100 |
||